Urinary neutrophil gelatinase-associated lipocalin as a biomarker of disease activity in pediatric lupus nephritis / (رقم التسجيلة. 58620)
[ عرض عادي ]
| 000 -LEADER | |
|---|---|
| fixed length control field | 02547cam a2200349 a 4500 |
| 003 - CONTROL NUMBER IDENTIFIER | |
| control field | EG-GiCUC |
| 005 - DATE AND TIME OF LATEST TRANSACTION | |
| control field | 20250223031614.0 |
| 008 - FIXED-LENGTH DATA ELEMENTS--GENERAL INFORMATION | |
| fixed length control field | 161115s2016 ua f m 000 0 eng d |
| 040 ## - CATALOGING SOURCE | |
| Original cataloging agency | EG-GiCUC |
| Language of cataloging | eng |
| Transcribing agency | EG-GiCUC |
| 041 0# - LANGUAGE CODE | |
| Language code of text/sound track or separate title | eng |
| 049 ## - LOCAL HOLDINGS (OCLC) | |
| Holding library | Deposite |
| 097 ## - Thesis Degree | |
| Thesis Level | M.Sc |
| 099 ## - LOCAL FREE-TEXT CALL NUMBER (OCLC) | |
| Classification number | Cai01.11.28.M.Sc.2016.Ah.U |
| 100 0# - MAIN ENTRY--PERSONAL NAME | |
| Personal name | Ahmed Sherif Abdelraouf Ahmed |
| 245 10 - TITLE STATEMENT | |
| Title | Urinary neutrophil gelatinase-associated lipocalin as a biomarker of disease activity in pediatric lupus nephritis / |
| Statement of responsibility, etc. | Ahmed Sherif Abdelraouf Ahmed ; Supervised Hala Salah Eldin Talaat , Miriam Magdy Aziz , Dalia Kadry Ismail |
| 246 15 - VARYING FORM OF TITLE | |
| Title proper/short title | ان - جى - ايه - ليبوكالين من الدلالات الحيوية فى البول لالتهاب الكلى فى مرض الذئبة الحمراء لدى الأطفال |
| 260 ## - PUBLICATION, DISTRIBUTION, ETC. | |
| Place of publication, distribution, etc. | Cairo : |
| Name of publisher, distributor, etc. | Ahmed Sherif Abdelraouf Ahmed , |
| Date of publication, distribution, etc. | 2016 |
| 300 ## - PHYSICAL DESCRIPTION | |
| Extent | 105 P. ; |
| Dimensions | 25cm |
| 502 ## - DISSERTATION NOTE | |
| Dissertation note | Thesis (M.Sc.) - Cairo University - Faculty of Medicine - Department of Pediatrics |
| 520 ## - SUMMARY, ETC. | |
| Summary, etc. | More than 60% of children with systemic lupus erythematosus (SLE) develop lupus nephritis (LN). Neutrophil gelatinase associated lipocalin (NGAL) is a protein secreted by leukocytes during inflammation and is overexpressed in the kidneys following ischemic and nephrotoxic damage. To evaluate the role of urinary neutrophil gelatinase associated lipocalin-2 as a biomarker of renal involvement in SLE patients. Urinary levels of NGAL were assessed in 50 children with active SLE (25 with and 25 without LN) and compared to 25 matched controls. Children with SLE had elevated urinary NGAL (±295.8 ng / ml) as compared to controls (±124.4 ng / ml) (P < 0.001). Levels of urinary NGAL were higher in patients with LN (±822.8ng / ml) than those without LN (±295.8 ng / ml) (P < 0.001). In patients with LN, urinary levels of NGAL were correlated with the quantitative and qualitative measures of proteinuria (P < 0.001). Urinary NGAL was not significantly correlated with the histopathological classification by renal biopsy (P < 0.292). Urinary NGAL is a sensitive marker of proliferative nephritis in juvenile SLE |
| 530 ## - ADDITIONAL PHYSICAL FORM AVAILABLE NOTE | |
| Additional physical form available note | Issued also as CD |
| 653 #4 - INDEX TERM--UNCONTROLLED | |
| Uncontrolled term | Lipocalin 2 |
| 653 #4 - INDEX TERM--UNCONTROLLED | |
| Uncontrolled term | Proliferative lupus nephritis |
| 653 #4 - INDEX TERM--UNCONTROLLED | |
| Uncontrolled term | Urinary NGAL |
| 700 0# - ADDED ENTRY--PERSONAL NAME | |
| Personal name | Dalia Kadry Ismail , |
| Relator term | |
| 700 0# - ADDED ENTRY--PERSONAL NAME | |
| Personal name | Hala Salah Eldin Talaat , |
| Relator term | |
| 700 0# - ADDED ENTRY--PERSONAL NAME | |
| Personal name | Miriam Magdy Aziz , |
| Relator term | |
| 856 ## - ELECTRONIC LOCATION AND ACCESS | |
| Uniform Resource Identifier | <a href="http://172.23.153.220/th.pdf">http://172.23.153.220/th.pdf</a> |
| 905 ## - LOCAL DATA ELEMENT E, LDE (RLIN) | |
| Cataloger | Nazla |
| Reviser | Revisor |
| 905 ## - LOCAL DATA ELEMENT E, LDE (RLIN) | |
| Cataloger | Samia |
| Reviser | Cataloger |
| 942 ## - ADDED ENTRY ELEMENTS (KOHA) | |
| Source of classification or shelving scheme | Dewey Decimal Classification |
| Koha item type | Thesis |
| Source of classification or shelving scheme | Not for loan | Home library | Current library | Date acquired | Full call number | Barcode | Date last seen | Koha item type | Copy number |
|---|---|---|---|---|---|---|---|---|---|
| Dewey Decimal Classification | المكتبة المركزبة الجديدة - جامعة القاهرة | قاعة الرسائل الجامعية - الدور الاول | 11.02.2024 | Cai01.11.28.M.Sc.2016.Ah.U | 01010110070244000 | 22.09.2023 | Thesis | ||
| Dewey Decimal Classification | المكتبة المركزبة الجديدة - جامعة القاهرة | مخـــزن الرســائل الجـــامعية - البدروم | 11.02.2024 | Cai01.11.28.M.Sc.2016.Ah.U | 01020110070244000 | 22.09.2023 | CD - Rom | 70244.CD |